Ministrategie firmy

Saved in:
Bibliographic Details
Main Author: Souček, Zdeněk
Format: Book
Language:Czech
Published: Praha ECONOMIA 1991
Edition:1. vyd.
Tags: Add Tag
No Tags, Be the first to tag this record!

MARC

LEADER 00000nam a2200000 4500
001 c024650
005 20230217123916.8
041 0 |a cze 
044 |a CZ 
245 1 0 |a Ministrategie firmy  |c Zdeňek Souček 
250 |a 1. vyd. 
264 1 |a Praha  |b ECONOMIA  |c 1991 
300 |a 49 s. 
100 1 |a Souček, Zdeněk